[Event "12th Batavia Amsterdam 2020"]
[Site "Amsterdam"]
[Date "2020.02.27"]
[Round "6.3"]
[White "Zwirs, Nico"]
[Black "Warakomski, Tomasz"]
[Result "0-1"]
[WhiteElo "2443"]
[BlackElo "2501"]
[Annotator "TA"]
[PlyCount "84"]
[EventDate "2020.02.21"]
[EventType "tourn"]
[EventCountry "NED"]
[SourceTitle "playchess.com"]
[Source "ChessBase"]
[SourceQuality "1"]

{[%evp 9,84,27,39,26,34,61,61,67,66,76,59,55,48,60,120,110,116,114,129,118,121,108,120,130,88,92,91,103,182,186,331,330,314,55,47,45,46,43,37,44,51,39,39,-90,-110,-136,-146,-142,-150,-150,-147,-150,-150,-151,-143,-141,-150,-281,-270,-278,-271,-332,-282,-319,-282,-317,-323,-444,-443,-444,-412,-431,-417,-1154,-1345,-893,-827]} 1. e4 g6 2. d4 Bg7 3. Nc3 d6 4. Be3 a6 5. g4 Nc6 {[#]} 6. d5 $146 {B06: Modern Defence.} ({Predecessor:} 6. h3 e5 7. d5 Nce7 8. Nf3 Nf6 9. Qd2 h5 10. g5 Nd7 11. O-O-O b5 12. Ne1 Nb6 {1-0 (34) Kasimdzhanov,R (2652)-Khoroshev,N (2399) Tashkent 2019}) 6... Na7 7. Bd4 Kf8 8. Bxg7+ {White is slightly better.} Kxg7 9. Qd4+ f6 10. f3 c5 11. Qd2 b5 (11... Qa5 $14) 12. h4 $16 b4 13. Nce2 e5 14. dxe6 Bxe6 15. Nf4 Bf7 16. Nge2 Nc6 17. Ng3 Nge7 18. h5 d5 (18... Qc7 $16) 19. exd5 $18 Nd4 (19... g5 {was worth a try.}) 20. O-O-O Nxd5 21. hxg6 $2 ({Better is} 21. h6+ $18 Kf8 22. Ne4) 21... hxg6 $14 22. Rxh8 Qxh8 23. Nxd5 Bxd5 24. c3 bxc3 25. bxc3 Qb8 26. cxd4 (26. Ne4 $14 {keeps the upper hand.} Bxe4 27. fxe4) 26... Qxg3 $17 27. dxc5 Qxf3 {aiming for ...Qa3+.} 28. Qd3 {[#]} (28. Qxd5 $2 Qc3+ 29. Kb1 Rb8+ 30. Qb3 Rxb3+ 31. axb3 Qxb3+ 32. Kc1 Qc3+ 33. Kb1 Qb4+ 34. Kc2 Qxc5+ 35. Kb3 a5 $19) 28... Rc8 $1 {[%cal Rc8c5]} 29. Qxf3 ({Don't go for} 29. Qxd5 $2 Qc3+ 30. Kb1 Rb8+ 31. Qb3 Rxb3+ 32. axb3 Qxb3+ 33. Kc1 Qc3+ 34. Kb1 Qb4+ 35. Kc2 Qxc5+ 36. Kb3 a5 $19) 29... Bxf3 {[%mdl 4096] Endgame KRB-KRB} 30. Rd4 Rxc5+ 31. Kd2 a5 32. Ke3 Bd5 33. Rd2 (33. a3 $17 {is a better defense.}) 33... Be6 $19 34. Be2 {[#]} Rc3+ $1 35. Kf4 g5+ 36. Ke4 Ra3 37. Rd6 Ra4+ ({Weaker is} 37... Bxa2 38. Ra6 $19) ({Resist} 37... Rxa2 38. Bd1 $19) 38. Ke3 Bxg4 39. Bd3 Rxa2 40. Ra6 f5 41. Kd4 (41. Bb1 $142 Re2+ 42. Kd3) 41... Be2 42. Ra7+ Kg6 {Never resign too early! Accuracy: White = 60%, Black = 81%.} 0-1

[Event "12th Batavia Amsterdam 2020"]
[Site "Amsterdam"]
[Date "2020.02.27"]
[Round "6.4"]
[White "Trent, Lawrence"]
[Black "Admiraal, Miguoel"]
[Result "1-0"]
[WhiteElo "2386"]
[BlackElo "2501"]
[Annotator "TA"]
[PlyCount "63"]
[EventDate "2020.02.21"]
[EventType "tourn"]
[EventCountry "NED"]
[SourceTitle "playchess.com"]
[Source "ChessBase"]
[SourceQuality "1"]

{[%evp 9,63,43,44,43,43,43,56,43,43,45,37,21,20,24,33,11,22,25,16,13,18,0,0,0,0,0,0,0,0,0,0,0,0,0,0,0,0,6,123,125,229,229,221,218,194,200,1376,1364,1377,971,1314,1300,1287,1223,1043,1040]} 1. e4 c6 2. Nc3 d5 3. Nf3 Qa5 {[#]} 4. Qe2 $146 ({Predecessor:} 4. h3 dxe4 5. Nxe4 Bf5 6. Qe2 e6 7. c3 Nd7 8. g4 Bg6 9. d4 Ngf6 10. Nxf6+ Nxf6 11. Ne5 {0-1 (36) Lu,S (2624)-Sunilduth Lyna,N (2603) Xingtai 2019}) 4... Bg4 5. exd5 Nf6 6. h3 {B11: Caro-Kann: Two Knights Variation.} Bxf3 $1 7. Qxf3 ({Much worse is} 7. gxf3 cxd5 8. Qb5+ Qxb5 $11) 7... Nxd5 8. Bc4 {[%cal Rc3d5] White is slightly better.} e6 9. O-O Be7 10. Qg3 O-O 11. Ne4 Nd7 12. d3 Rfd8 13. Bh6 {[%csl Gh6][%cal Rg3g7]} g6 14. Rae1 N7f6 15. Qf3 Nxe4 16. Rxe4 Rd7 17. h4 Qd8 18. g3 Bf6 19. Bc1 b5 20. Bb3 a5 21. a3 h5 22. g4 hxg4 23. Qxg4 Kg7 {[#]} (23... Bg7 $11 24. Ree1 Qf8) 24. h5 $1 $16 Qh8 (24... Qc7 $16 {keeps fighting.}) 25. hxg6 $18 Rg8 {[#] White should prevent ...Kf8.} 26. Kg2 $1 {Strongly threatening Rh1.} Kf8 27. Rh1 Qg7 $2 (27... Rxg6 28. Rxh8+ Bxh8 29. Qxg6 {[%mdl 64] Remove Defender, Deflection} (29. Bg5 Bf6 $16) 29... fxg6 30. Rxe6 {[%mdl 64] Double Attack} Bxb2) 28. Bh6 {White is clearly winning.} Bxb2 29. Qf3 Qxh6 30. Rxh6 Bc1 {[#]} 31. Bxd5 $1 cxd5 {[#]} 32. Rf4 $1 {Accuracy: White = 96%, Black = 67%.} 1-0

[Event "12th Batavia Amsterdam 2020"]
[Site "Amsterdam"]
[Date "2020.02.27"]
[Round "6.5"]
[White "Sukandar, Irine Kharisma"]
[Black "Feuerstack, Aljoscha"]
[Result "1-0"]
[WhiteElo "2408"]
[BlackElo "2459"]
[Annotator "TA"]
[PlyCount "101"]
[EventDate "2020.02.21"]
[EventType "tourn"]
[EventCountry "NED"]
[SourceTitle "playchess.com"]
[Source "ChessBase"]
[SourceQuality "1"]

{[%evp 21,101,18,14,8,14,16,23,10,23,23,20,10,23,20,21,8,18,4,137,137,135,134,138,136,125,82,76,62,164,170,168,162,171,163,319,314,506,308,452,241,851,627,772,645,598,444,598,599,702,690,670,653,593,598,745,758,743,743,901,808,798,791,775,760,819,825,821,820,802,793,812,815,1227,1207,1518,1427,1557,1345,1189,1041,29980,29971]} 1. e4 e5 2. Nf3 Nf6 3. Nxe5 d6 4. Nf3 Nxe4 5. d4 d5 6. Bd3 Bd6 7. O-O O-O 8. c4 c6 9. Nc3 Nxc3 10. bxc3 dxc4 11. Bxc4 Bf5 12. Re1 {C42: Petroff Defence: 3 Nxe5 and unusual White 3rd moves.} Nd7 13. Bg5 Qa5 14. Nh4 {White has an edge.} Nb6 15. Bb3 {And now c4 would win.} Bd7 16. Bd2 Rae8 17. Qf3 {[#] aiming for Rxe8.} Be6 $146 ({Predecessor:} 17... Re7 18. g3 Rfe8 19. Ng2 Be6 20. Ne3 Qb5 21. Qe2 Qxe2 22. Rxe2 c5 23. Ree1 cxd4 24. cxd4 Bxb3 25. axb3 {1-0 (36) Clair,M (2185)-Armand,L (1859) France AJEC 2002}) 18. g3 Re7 19. Qd3 {Hoping for c4.} Rfe8 (19... Qb5 $11 {remains equal.} 20. Qc2 Nc4) 20. c4 $16 Bb4 21. Re5 $1 {[%cal Re5a5]} (21. Bxb4 $6 Qxb4 22. Nf5 Bxf5 $11) 21... Qa3 22. Bg5 $1 ({But not} 22. Bxb4 $6 Qxb4 23. Nf5 Bxf5 $11) 22... Rd7 23. Bc1 Qa6 24. Bb2 Rdd8 {[#] White stays focused until the end.} (24... g6 $14) 25. d5 $1 $18 Rxd5 26. Rxd5 Nxd5 (26... cxd5 $2 {loses.} 27. Bc2 $18 (27. Qd4 Bf8 $11)) 27. Bc2 Nf6 $2 (27... g6 28. Ng2 (28. cxd5 Qxd3 29. Bxd3 Bxd5 $16) 28... Bc5) 28. Bxf6 $1 gxf6 $2 (28... g6 {might work better.} 29. Bb3 Qa5) 29. Qxh7+ Kf8 30. Rb1 $40 {[%mdl 128] White attacks with force.} (30. Rd1 $142 Qa5 {[#]} 31. a3 $1 {[%mdl 512]}) 30... c5 $2 (30... Qa5 31. a3 Qxa3) 31. Rd1 Qxc4 32. Qh6+ {[%mdl 64] Double Attack} Ke7 {[#]} 33. Ng6+ $1 {[%mdl 512]} fxg6 34. Bb3 Qd4 35. Rxd4 cxd4 36. Qg7+ Kd6 37. Qxf6 Bc5 38. Qxg6 Re7 39. h4 Ke5 40. Qg5+ Kd6 41. Qf4+ Kd7 42. Qb8 {White wants to mate with Ba4+.} Kc6 43. Bxe6 Rxe6 {[%mdl 4096] Endgame KQ-KRB} 44. Qc8+ Kd6 45. Qxb7 Bb6 46. Qf3 Re5 47. h5 Rd5 48. Qd3 Bd8 49. h6 {Strongly threatening Qg6+.} Bf6 50. Qa6+ Ke5 51. f4+ {Accuracy: White = 89%, Black = 49%.} 1-0

[Event "12th Batavia Amsterdam 2020"]
[Site "Amsterdam"]
[Date "2020.02.28"]
[Round "7.1"]
[White "Reinderman, Dimitri"]
[Black "Nijboer, Friso"]
[Result "0-1"]
[WhiteElo "2582"]
[BlackElo "2469"]
[Annotator "TA"]
[PlyCount "78"]
[EventDate "2020.02.21"]
[EventType "tourn"]
[EventCountry "NED"]
[SourceTitle "playchess.com"]
[Source "ChessBase"]
[SourceQuality "1"]

{[%evp 16,78,12,10,14,17,8,0,0,0,0,0,0,12,0,-19,0,-50,-38,-42,-18,-69,-75,-73,-77,-80,-73,-60,-64,-64,-65,-64,-51,-63,-75,-75,-76,-76,-76,-76,-76,-78,-75,-87,-62,-70,-67,-114,-59,-135,-87,-412,-397,-531,-510,-477,-247,-239,-243,-1016,-1008,-977,-968,-1258,-1247]} 1. c4 Nf6 2. Nc3 e6 3. e4 d5 4. e5 d4 5. exf6 dxc3 6. bxc3 Qxf6 7. Nf3 b6 8. d4 Bb7 9. Bd3 {Threatening Bg5. The main line 9.Bd3 scores better than 9.Be2.} h6 {A18: English Opening: Flohr-Mikenas System (1 c4 Nf6 2 Nc3 e6 3 e4).} 10. Qe2 Nd7 11. Be4 Bxe4 {The position is equal.} 12. Qxe4 Rc8 {[#]} 13. Qb7 $146 ({Predecessor:} 13. Qc6 Bd6 14. a4 Qd8 15. O-O O-O 16. Be3 Nf6 17. h3 Qd7 18. Qxd7 Nxd7 19. a5 {½-½ (29) Klausen,T (2467)-Bykov,E (2274) ICCF email 2012}) 13... Qd8 14. Qxa7 Bd6 15. O-O O-O (15... Ra8 $5 16. Qb7 $8 O-O $11) 16. Be3 Ra8 17. Qb7 Ra5 18. Qc6 ({Better is} 18. Qe4 $11) 18... Qa8 $15 19. Qxa8 (19. Qxd7 $2 Rd8 $19) 19... Rfxa8 20. Rfb1 Rxa2 21. Rxa2 Rxa2 22. Kf1 f5 23. g3 g5 24. Rb5 Kf7 25. Ke1 Ke8 26. h4 g4 27. Nd2 h5 28. Kd1 c6 $36 {[%mdl 2048] Black is really pushing.} 29. Rb1 c5 30. Rb3 Kd8 31. Nb1 Kc8 ({Black should try} 31... e5 $17 {Strongly threatening ...f4.} 32. dxe5 Bxe5) 32. Bd2 (32. Nd2 $1 $15) 32... e5 33. dxe5 $2 {[%mdl 8192] [#]} (33. Ra3 $17 {is a better chance.} Rxa3 34. Nxa3) 33... Nxe5 $19 34. Ra3 Rb2 35. Ra1 Nxc4 (35... Nd3 $142 36. Ra8+ Kb7) 36. Kc1 Bb8 37. Ra4 $2 {[#]} (37. Be1 Re2 38. Kd1) 37... Rxb1+ $1 {[%mdl 576] Remove Defender, Deflection. Black is clearly winning.} 38. Kxb1 Nxd2+ 39. Kc2 Ne4 {White got outplayed after the opening. Accuracy: White = 51%, Black = 82%.} 0-1

[Event "12th Batavia Amsterdam 2020"]
[Site "Amsterdam"]
[Date "2020.02.28"]
[Round "7.2"]
[White "Bosboom, Manuel"]
[Black "Zwirs, Nico"]
[Result "1/2-1/2"]
[WhiteElo "2410"]
[BlackElo "2443"]
[Annotator "TA"]
[PlyCount "55"]
[EventDate "2020.02.21"]
[EventType "tourn"]
[EventCountry "NED"]
[SourceTitle "playchess.com"]
[Source "ChessBase"]
[SourceQuality "1"]

{[%evp 15,55,0,6,-11,-2,-6,0,-18,-19,-61,-45,-58,-18,-18,-13,-5,41,0,0,-19,-11,-13,-9,-36,-36,-82,-75,-77,-73,-62,-13,-14,0,0,7,11,12,-18,0,0,7,-21]} 1. Nf3 Nf6 2. g3 b6 3. Bg2 Bb7 4. O-O g6 5. d3 Bg7 6. e4 d6 7. c4 c5 8. Nc3 O-O 9. Ng5 {A30: Symmetrical English: Double Fianchetto and Hedgehog.} Nc6 10. f4 e6 {[#]} 11. Nh3 $146 ({Predecessor:} 11. f5 Qe7 12. Bf4 Nd4 13. g4 Nd7 14. Nf3 exf5 15. gxf5 gxf5 16. Nxd4 Bxd4+ 17. Kh1 {1-0 (40) Kortschnoj,V (2620)-Stefansson,H (2557) Istanbul 2000}) 11... Nd4 12. g4 Nd7 13. f5 Ne5 14. Bg5 f6 15. Be3 Nec6 16. fxe6 Nxe6 17. Nd5 Ne5 18. Nhf4 Nxf4 19. Nxf4 {Threatening Ne6.} Qd7 20. Bh3 Rae8 21. Rf2 Bc8 22. Rg2 Nf7 23. Rg3 {The position is equal.} Ng5 24. Bg2 Ne6 25. Nd5 Nc7 26. Nf4 Ne6 27. Nd5 Nc7 28. Nf4 {Accuracy: White = 68%, Black = 81%.} 1/2-1/2

[Event "12th Batavia Amsterdam 2020"]
[Site "Amsterdam"]
[Date "2020.02.28"]
[Round "7.3"]
[White "Warakomski, Tomasz"]
[Black "Trent, Lawrence"]
[Result "1/2-1/2"]
[WhiteElo "2501"]
[BlackElo "2386"]
[Annotator "TA"]
[PlyCount "119"]
[EventDate "2020.02.21"]
[EventType "tourn"]
[EventCountry "NED"]
[SourceTitle "playchess.com"]
[Source "ChessBase"]
[SourceQuality "1"]

{[%evp 9,119,23,31,35,38,38,39,34,23,14,31,19,40,20,21,14,37,4,31,22,41,23,25,27,53,0,0,-33,-29,-44,-41,-88,-31,-79,-69,-70,-34,-35,-19,-96,-29,-12,0,0,0,0,0,0,0,-46,-36,-68,-50,-43,-35,-76,-26,-14,0,0,-5,-18,-27,-184,-181,-231,-216,-294,-287,-290,-66,-61,-26,-30,-30,-30,-29,-25,-16,-12,-8,0,0,0,0,0,0,0,0,0,0,0,0,-29974,0,0,0,0,0,0,0,0,0,0,0,0,0,0,0,0,0,0]} 1. e4 e5 2. Nf3 Nc6 3. Bc4 Nf6 4. d3 h6 5. c3 d6 6. a4 {C55: Two Knights: 4 d3, 4 d4 exd4 5 e5 and Max Lange Attack.} g5 7. Qb3 Qe7 8. a5 {White is slightly better.} a6 {[#]} 9. Be3 $146 ({Predecessor:} 9. Nbd2 Nd7 10. Nf1 Nc5 11. Qc2 f5 12. b4 fxe4 13. dxe4 Ne6 14. Ne3 Nf4 15. g3 {1-0 (41) Savchenko,B (2577)-Gareyev,T (2598) Moscow 2019}) 9... Bg7 10. Nbd2 O-O 11. O-O (11. h4 $5 {[%cal Rh4g5]}) 11... Nh5 12. Kh1 Kh8 13. Ng1 Nd8 14. Qd1 g4 15. d4 f5 16. exf5 Bxf5 17. Be2 (17. Ne2 $14) 17... exd4 $11 18. cxd4 Nf6 19. Ra3 Nc6 20. Bd3 Qd7 (20... Bxd3 $17 21. Rxd3 Qe6) 21. Ne2 Bxd3 22. Rxd3 Qf5 23. Ra3 Rae8 24. Nc4 (24. f3 $11) 24... Ne4 (24... Qe6 $17 25. Ra4 Nd5) 25. Nd2 Nb4 26. Nxe4 Qxe4 27. Ng3 Qg6 28. Rb3 Nd5 29. Rxb7 h5 30. Rb3 $1 h4 $36 {[%mdl 2048] Black is more active.} 31. Ne2 Qe4 32. Qb1 Qxb1 (32... Qe6 {feels hotter.} 33. Kg1 h3 34. gxh3 Rf3 35. Ng3 Bh6) 33. Rxb1 Rb8 34. Rxb8 Rxb8 35. Bd2 c5 36. Kg1 $2 (36. dxc5 $11 dxc5 37. h3) 36... cxd4 $19 ({Worse is} 36... Bxd4 37. Nxd4 cxd4 38. b4 $11) 37. Kf1 {[#]} Nc3 $1 {[%cal Rc3b1][%mdl 512]} 38. Rc1 (38. bxc3 Rxb1+) 38... Ne4 ({Stronger than} 38... Rxb2 39. Bxc3 dxc3 40. Nxc3 $11) 39. Rd1 Rxb2 $2 ({Black should try} 39... d3 $19 40. Be1 dxe2+ 41. Kxe2 Be5) 40. Be1 $15 Nc3 41. Nxc3 $1 dxc3 42. Rxd6 $11 {[%mdl 4096] Endgame KRB-KRB} c2 43. Rc6 Kg8 {Threatens to win with ...Bh6!} 44. Bd2 Bf8 45. Ke2 ({Much weaker is} 45. Rxa6 Bb4 $17) 45... c1=Q 46. Rxc1 Bb4 47. Rd1 $1 Bxa5 48. Kd3 Bxd2 49. Rxd2 Rxd2+ 50. Kxd2 {K3P-K3P} Kf7 51. Ke3 $2 {[%mdl 8192] [#]} (51. Kc3 $11) 51... Kf6 $2 (51... h3 $1 {mates} 52. gxh3 gxh3 53. f3 a5 54. Kd4 Kf6 55. f4 Kf5 56. Ke3 a4 57. Kd4 Kxf4 58. Kd3 Kf3 59. Kd2 Kg2 60. Kd3 Kxh2 61. Kc3 Kg3 62. Kb4 h2 63. Kxa4 h1=Q 64. Kb5 Qd5+ 65. Kb4 Qc6 66. Ka3 Kf4 67. Kb4 Ke3 68. Ka5 Kd3 69. Kb4 Qb6+ 70. Ka4 Kc4 71. Ka3 Qb3#) 52. f3 $1 {[%cal Rf3g4] The position is equal.} gxf3 (52... h3 $5 53. g3 $8 gxf3 54. Kxf3 a5 $11) 53. Kxf3 {KPP-KPP} Kf5 54. Ke3 a5 55. Kd3 Kf4 56. g3+ hxg3 57. hxg3+ Kxg3 58. Kc4 a4 59. Kb4 a3 60. Kxa3 {Accuracy: White = 69%, Black = 78%.} 1/2-1/2

[Event "12th Batavia Amsterdam 2020"]
[Site "Amsterdam"]
[Date "2020.02.28"]
[Round "7.4"]
[White "Feuerstack, Aljoscha"]
[Black "Van Haastert, Edwin"]
[Result "1-0"]
[WhiteElo "2459"]
[BlackElo "2438"]
[Annotator "TA"]
[PlyCount "67"]
[EventDate "2020.02.21"]
[EventType "tourn"]
[EventCountry "NED"]
[SourceTitle "playchess.com"]
[Source "ChessBase"]
[SourceQuality "1"]

{[%evp 12,67,18,8,21,8,15,8,15,0,12,2,6,6,0,0,4,0,2,0,37,22,63,41,41,27,84,89,95,94,94,81,112,101,109,23,29,41,185,179,370,366,451,452,560,441,1127,608,576,499,1037,1178,1157,1142,6370,1095,29997,29998]} 1. e4 e5 2. Nf3 Nc6 3. Bb5 a6 4. Ba4 Nf6 5. Nc3 b5 6. Bb3 Bc5 7. d3 h6 {C77: Ruy Lopez: 3...a6 4 Ba4 Nf6, unusual lines.} 8. Nd5 d6 9. c3 Rb8 {The position is equal.} 10. O-O {[#]} Nxd5 $146 ({Predecessor:} 10... O-O 11. Be3 Nxd5 12. Bxd5 Bxe3 13. fxe3 Ne7 14. Bb3 Be6 15. Nh4 Qd7 16. Qh5 c5 {½-½ (34) Vachier Lagrave,M (2775)-Anand,V (2764) Paris 2019}) 11. exd5 Ne7 $1 12. d4 exd4 13. Nxd4 O-O 14. Qd3 Bxd4 15. Qxd4 Re8 (15... Nf5 $5 {[%cal Rf5d4]} 16. Qd3 Nh4 $14) 16. Bd2 Bb7 17. Rfe1 Qd7 18. h3 c5 (18... Qf5 $11 {remains equal.}) 19. dxc6 $1 $16 Qxc6 {[%csl Gb7][%cal Rc6g2] [#]} 20. Qg4 {Black must now prevent Bxh6.} d5 21. Re5 Ng6 22. Rxd5 a5 {Threatens to win with ...a4.} 23. Rf5 (23. Rd4 $16) 23... Ne5 $11 24. Qg3 {Hoping for Bf4.} Nc4 {This move loses the game for Black.} ({Black should try} 24... Rbd8 $14 25. Be3 Rd6) 25. Be3 $40 {[%mdl 128] Bd4 is the strong threat. White wants a kill.} Rbd8 $2 (25... a4 {keeps fighting.}) 26. Bd4 {[%csl Gd4][%cal Rg3g7]} g6 27. Rc5 Qd7 28. Rh5 Re4 (28... Qc6 $142 29. Rxh6 Rxd4) 29. Rxh6 {[%csl Gd4][%cal Rh6h8]} Rxd4 30. cxd4 {aiming for Bxc4.} Qxd4 {[#]} (30... Qe7 $142 31. Rh5 a4 32. Bxc4 bxc4) 31. Rd1 $1 Qxd1+ 32. Bxd1 Rxd1+ 33. Kh2 {Intending Qb8+ and mate.} Nd2 34. Qb8+ {[%mdl 64] Double Attack. Accuracy: White = 81%, Black = 46%.} 1-0

[Event "12th Batavia Amsterdam 2020"]
[Site "Amsterdam"]
[Date "2020.02.28"]
[Round "7.5"]
[White "Admiraal, Miguoel"]
[Black "Sukandar, Irine Kharisma"]
[Result "0-1"]
[WhiteElo "2501"]
[BlackElo "2408"]
[Annotator "TA"]
[PlyCount "146"]
[EventDate "2020.02.21"]
[EventType "tourn"]
[EventCountry "NED"]
[SourceTitle "playchess.com"]
[Source "ChessBase"]
[SourceQuality "1"]

{[%evp 10,146,6,0,0,0,0,-2,-7,-17,-10,-20,3,-39,-38,-55,-31,-30,-36,-52,-48,-82,-88,-68,-42,-81,-91,-60,-64,-130,-114,-151,-173,-208,-81,-81,-83,-93,-47,-44,-41,-41,-37,-96,-109,-96,0,0,0,0,0,0,0,-43,0,-45,-45,-49,-53,-71,-46,-70,-58,-72,-69,-84,-79,-131,-129,-130,-128,-133,-133,-204,-197,-191,-183,-198,-162,-175,-160,-160,-159,-162,-126,-129,0,-154,0,-234,-234,-220,-237,-220,-218,-201,-175,-235,-175,-197,-175,-175,-175,-175,-175,-274,-274,-363,-355,-354,-346,-425,-266,-572,-561,-641,-623,-675,-617,-719,-703,-886,-868,-1158,-1121,-1129,-1100,-2338,-1096,-1185,-1213,-1197,-1196,-1148,-1146,-29983,-29984,-29984,-29985]} 1. e4 c5 2. Nc3 d6 3. Bc4 Nc6 4. Nf3 g6 5. O-O Bg7 6. h3 e6 {B30: Sicilian: 2...Nc6 3 Bb5, lines without ...g6.} 7. d3 Nge7 8. a3 O-O {The position is equal.} 9. Ba2 {[#]} h6 $146 ({Predecessor:} 9... b6 10. Bf4 h6 11. Qd2 g5 12. Be3 Nd4 13. Nh2 Ng6 14. Nd1 Ba6 15. Re1 Nc6 {½-½ (24) Kamsky,G (2677)-Sakaev,K (2596) Moscow 2019}) 10. Be3 f5 11. Qd2 Kh7 12. exf5 gxf5 13. Rae1 Ng6 {Strongly threatening ...f4.} 14. Qd1 f4 15. Bd2 d5 16. Na4 Qd6 17. c4 d4 $1 18. b4 b6 $1 19. Re4 (19. Qe2 $15) 19... e5 20. Qe2 cxb4 21. c5 Qf6 (21... bxc5 $19 {has better winning chances. ...Rb8 is the strong threat.} 22. Nb2 Bf5) 22. axb4 b5 $1 {[%cal Rb5a4]} 23. Nb2 Bf5 24. Ra1 Rfd8 25. Bb3 a6 26. Ra2 {[#]} (26. g4 $15 Bxe4 27. Qxe4) 26... Nge7 $1 $17 27. g4 Bxe4 (27... Bg6 $17) 28. dxe4 $11 Ra7 29. Nd3 Ng6 30. Bd5 Rc8 31. Kg2 Nce7 32. Bb3 Nh4+ 33. Nxh4 Qxh4 34. Ne1 Qf6 35. Nf3 Rd8 36. Qd3 Ng6 37. Bd5 Qe7 38. Bb3 ({Better is} 38. Qb3) 38... Bf6 $17 39. Ra1 Nh4+ 40. Nxh4 Bxh4 41. f3 (41. Qf3 $17) 41... Bg3 $19 42. Bd5 {[#]} h5 $1 43. Qb3 (43. gxh5 Qf6) 43... Kg7 44. Be6 hxg4 45. Bxg4 Qf7 46. Be6 Qg6 47. Bf5 Qf7 48. Be6 $1 {[%cal Re6f7] Black keeps a firm grip on the game.} Qe7 $2 ({Black should play} 48... Qe8 $17 49. Kg1 Bh4) 49. Rg1 $2 (49. Bg4 $1 $11) 49... Kf6 50. Bg4 Qf7 51. Qxf7+ Kxf7 52. Rc1 Rc7 53. Ra1 (53. Kf1 $142) 53... Rc6 54. Ra3 Bh4 55. Kf1 Ke8 56. Ke2 Ra8 57. Kd3 {[#]} (57. Bh5+ $142 Kd7 58. Bg4+ Kc7 59. Ra5) 57... a5 $1 58. bxa5 (58. Rxa5 Rxa5) 58... Be7 ({Not} 58... Rxc5 59. Be6 $17) 59. Ra1 Bxc5 60. h4 Bf8 61. h5 $2 (61. Bh5+ {nothing else works.} Kd7 62. Bf7) 61... b4 62. Bf5 b3 63. Bg6+ Ke7 64. Bh7 Kf7 65. Rg1 Ba3 66. Bg6+ Ke7 67. Bf5 b2 68. h6 Rc1 (68... Rb8 $142 69. Rb1 Rb3+ 70. Ke2 Rxh6 71. Bh3 Rxh3 72. Ke1 Rbxf3 73. Rxb2 Bxb2 74. a6 d3 75. Ba5 Rh1+ 76. Kd2 Rh2+ 77. Kd1 Rf1+ 78. Be1 {[#]} Re2 $1 {[%mdl 512]} 79. a7 Rfxe1#) 69. Rg7+ Kf8 70. Rb7 b1=Q+ 71. Rxb1 Rxb1 72. Kc4 Rd1 73. h7 Kg7 {Accuracy: White = 53%, Black = 76%.} 0-1

[Event "12th Batavia Amsterdam 2020"]
[Site "Amsterdam"]
[Date "2020.02.29"]
[Round "8.2"]
[White "Admiraal, Miguoel"]
[Black "Warakomski, Tomasz"]
[Result "0-1"]
[WhiteElo "2501"]
[BlackElo "2501"]
[Annotator "TA"]
[PlyCount "90"]
[EventDate "2020.02.21"]
[EventType "tourn"]
[EventCountry "NED"]
[SourceTitle "playchess.com"]
[Source "ChessBase"]
[SourceQuality "1"]

{[%evp 9,90,25,46,49,55,60,55,44,52,50,37,41,52,54,59,59,83,74,77,69,79,56,62,56,56,57,57,54,56,50,55,0,0,0,10,0,0,-7,0,-17,-3,-26,0,0,0,-62,-11,-83,-67,-121,-90,-90,-91,-190,-192,-222,-238,-323,-298,-335,-335,-335,-334,-335,-331,-324,-322,-294,-250,-373,-373,-366,-351,-885,-914,-1171,-1132,-1106,-1056,-1121,-1144,-1154,-1124]} 1. d4 d5 2. c4 c6 3. Nf3 Nf6 4. g3 dxc4 5. Bg2 Bg4 6. Na3 {D11: Slav Defence: 3 Nf3 sidelines and 3...Nf6 4 e3 Bg4.} e6 7. Nxc4 Bb4+ 8. Bd2 {[#] White is slightly better.} Bxd2+ $146 ({Predecessor:} 8... Be7 9. Qb3 b6 10. Nfe5 O-O 11. Rd1 Qxd4 12. Be3 {1-0 (12) Horvath,R (1971)-Wallner,D (2134) Graz 2009}) 9. Qxd2 Bxf3 10. Bxf3 {And now Qb4 would win.} Na6 11. O-O O-O 12. b4 Qe7 13. Rab1 Rac8 14. Rfc1 Rfd8 15. e3 Nd5 16. a3 Nac7 17. a4 Ne8 18. Na5 Nd6 19. Qb2 g6 20. b5 ({White should try} 20. Qa2 $14) 20... cxb5 $1 $11 21. axb5 Qd7 22. Bxd5 exd5 23. b6 a6 24. Nb3 Rxc1+ 25. Qxc1 Nc4 26. Nc5 Qc6 27. Nd3 ({White should play} 27. h4 $11) 27... Rd6 (27... Ra8 $15) 28. Nb4 (28. Nc5 $11) 28... Qc8 {Black keeps a firm grip on the game.} 29. Nd3 (29. Nxa6 $15 bxa6 30. b7) 29... Rxb6 30. Rxb6 Nxb6 31. Qc5 (31. Qa3 $17 {might work better.}) 31... Qxc5 $19 32. Nxc5 {[%mdl 4096] Endgame KN-KN} a5 {[%cal Ba6a5,Ba5a4,Ba4a3,Ba3a2][%mdl 32]} 33. Nxb7 a4 34. Nc5 a3 35. Kf1 a2 36. Nb3 f5 37. Ke2 Kg7 38. Kd3 Kf6 39. Kc3 (39. Ke2 $142) 39... Nc4 40. Na1 Kg5 41. Kb4 $2 {[#]} (41. h3 h5 42. Kb3) 41... Kg4 {Black is clearly winning.} 42. Kc5 Kf3 43. Kxd5 Nd2 44. Ke5 Kxf2 45. Kf4 Nc4 {Accuracy: White = 56%, Black = 91%.} 0-1